UK & US Sitcoms - Statistics

General Stats
  • This quiz has been taken 39 times
    32 since last reset
  • The average score is 10 of 15
Answer Stats
Question Answer % Correct
Warren Mitchell played which famous sit com character in the 60's, 70's & 80's? Alf Garnett
100%
Who played Rose Nylund in 'The Golden Girls'? Betty White
100%
In which English county is the series 'Fawlty Towers' set? Devon
100%
What was the name of Roseanne's sister in the sitcom of the same name? Jackie
100%
In 'The Good Life' what were the names of the main characters neighbours? Margo & Jerry
100%
Which actor played the main role of Martin Bryce in 'Ever Decreasing Circles'? Richard Briers
100%
What were the names of the three flatmates in 'Man About The House'? Robin Chrissie Jo
100%
What was the US version of 'Man About The House' called? Three's Company
100%
In 'The Windsors' which character is played by Haydn Gwynne? Camilla
50%
Who played HR officer Phillipa in 'Dinnerladies'? Celia Imrie
50%
The second & third series of the UK sitcom 'Cuckoo' starred which American actor? Taylor Lautner
50%
In the US 70's series 'Maude' which starred Beatrice Arthur in the title role what was the name of her husband? Walter
50%
What was the sequel to 'The Golden Girls' called? Golden Palace
0%
In 'Soap' what were the names of the two sisters around who the series revolved? Jessica & Mary
0%
UK sitcom 'Nearest And Dearest' was set in what kind of establishment? Pickle Factory
0%
No matching quizzes found
Score Distribution
Percent of People with Each Score
Percentile by Number Answered
Your Score History
You have not taken this quiz since the last reset